Cases in environmental management and business strategy (Record no. 3280)
[ view plain ]
| 000 -LEADER | |
|---|---|
| fixed length control field | 00496nam a2200193Ia 4500 |
| 001 - CONTROL NUMBER | |
| control field | 3029 |
| 003 - CONTROL NUMBER IDENTIFIER | |
| control field | PK-LaUMT |
| 005 - DATE AND TIME OF LATEST TRANSACTION | |
| control field | 20221027105947.0 |
| 008 - FIXED-LENGTH DATA ELEMENTS--GENERAL INFORMATION | |
| fixed length control field | 140317s9999 xx 000 0 und d |
| 020 ## - INTERNATIONAL STANDARD BOOK NUMBER | |
| International Standard Book Number | 0-273-60313-2 |
| 040 ## - CATALOGING SOURCE | |
| Transcribing agency | PK-LaUMT |
| 082 ## - DEWEY DECIMAL CLASSIFICATION NUMBER | |
| Classification number | 658.408 |
| Item number | WEL-C |
| 100 ## - MAIN ENTRY--PERSONAL NAME | |
| Personal name | Welford, Richard |
| 245 ## - TITLE STATEMENT | |
| Title | Cases in environmental management and business strategy |
| Statement of responsibility, etc | Welford, Richard |
| 260 ## - PUBLICATION, DISTRIBUTION, ETC. (IMPRINT) | |
| Place of publication, distribution, etc | London,UK: |
| Name of publisher, distributor, etc | Pitman, |
| Date of publication, distribution, etc | 1994 |
| 300 ## - PHYSICAL DESCRIPTION | |
| Extent | 216 p. |
| 546 ## - LANGUAGE NOTE | |
| Language note | EN |
| 942 ## - ADDED ENTRY ELEMENTS (KOHA) | |
| Koha item type | Stocktaking Record 2001 |
| Source of classification or shelving scheme | Dewey Decimal Classification |
| Withdrawn status | Lost status | Damaged status | Not for loan | Home library | Current library | Date acquired | Total Checkouts | Full call number | Barcode | Date last seen | Date checked out | Price effective from | Koha item type |
|---|---|---|---|---|---|---|---|---|---|---|---|---|---|
| UMT Main Campus | UMT Main Campus | 2014-03-17 | 2 | 658.408 WEL-C | 4111 | 2019-11-06 | 2019-10-23 | 2014-03-17 | Books |
